| 000 | 00736nam a22002297a 4500 | ||
|---|---|---|---|
| 003 | BD-DhJNU | ||
| 005 | 20250904053618.0 | ||
| 008 | 250904b |||||||| |||| 00| 0 eng d | ||
| 020 | _a0393962083 | ||
| 040 |
_aBD-DhJNU _bENG _cBD-DhJNU _dBD-DhJNU |
||
| 082 |
_223 _a909.09821 LEW |
||
| 100 | _aLerner, Robert E. | ||
| 245 |
_aWestern civilizations : _btheir history and their culture / _cRobert E. Lerner, Standish Meacham and Edward McNall Burns |
||
| 250 | _a12th ed. | ||
| 260 |
_aNew York : _bW.W. Norton, _c1993. |
||
| 300 |
_axvi, 1087p., xxviii : _bill. ; _c23 cm. |
||
| 504 | _aIncludes index | ||
| 650 | _aWestern civilizations | ||
| 700 | _aMeacham, Standish | ||
| 700 | _aBurns, Edward Mcnall | ||
| 942 |
_2ddc _cBK _n0 |
||
| 999 |
_c2078 _d2078 |
||